000 00908nam a2200253Ia 4500
003 OSt
005 20220923223302.0
006 a|||||r|||| 00| 0
007 ta
008 220922b |||||||| |||| 00| 0 hin d
024 _a212,820
037 _cTextual
040 _aARTS
_cARTS
_bhin
041 _2hin
_ahin
082 _aO152,3N26:g, M0
100 _aराजपाल, हुकुम चन्द
245 0 _aधर्मवाीर भारती
_b साहित्य के विविध आयाम
246 _aDharmavāīr bhāratī: sāhitya ke vividh āyāma
260 _aसाहिबाबाद
_b विभू प्रका0
_c1988
300 _a252पृ.
_ccm.
650 _aहिन्दी साहित्य
_9156264
942 _hO152,3N26:g, M0
_cTEXL
_2CC
999 _c363094
_d363094